00309nam a2200133Ia 4500008004100000020001800041082001500059100002100074245002500095250001200120260002700132300000800159650000800167191201s2014 xx 000 0 und d a9788131724613 a005.1bSOS aSOMMERVILLE, Ian 0aSoftware Engineering aIMP 2nd aN.DelhibPearsonc2014 a700 aMCA